| 000 | 00436nam a2200181Ia 4500 | ||
|---|---|---|---|
| 001 | 5172 | ||
| 005 | 20260306145849.0 | ||
| 008 | 260306t1997||||xx |||||||||||||| ||spa|| | ||
| 041 | _aESP | ||
| 082 |
_a336.85 _bR68 V. 2 |
||
| 100 |
_aRivas Gómez, Víctor, 1929- _eAUT |
||
| 245 | 0 |
_aHistoria financiera del Perú: _b1960-1990 |
|
| 260 | _c1997 | ||
| 300 |
_a _c23 cm. |
||
| 650 | _aGEN | ||
| 654 | _aCAN | ||
| 942 |
_cLIB _dJUS _fJUS _2ddc _n |
||
| 999 |
_c5172 _d5172 |
||